• 首页
  • 本馆介绍
  • 公告通知
  • 最新文献
  • 馆藏检索
  • 电子资源
  • 读者导购
  • 参考咨询
  • 我的图书馆
  • 登录
  • 详细信息显示
  • 放入我的书架
  • 预约/预借图书
  • 作者相关作品
  • 分类相关作品
  • 丛书相关作品
  • 出版社相关作品

书目信息

  • 表格格式
  • 工作单格式
  • 卡片格式
题名:
医用电子学入门
    
 
作者: 威特菲 , Whitfield 著 ;方达超 , 李少如 译
分册:  
出版信息: 上海   上海科学技术出版社  1963
页数: 258页
开本: 19cm
丛书名:
单 册:
中图分类: R319
科图分类:
主题词: 医用电子学
电子资源:
ISBN: 14119.1094
000 00768nam0 2200265 450
001 0163004813
005 20100713030857.0
010    @a14119.1094@dCNY0.96
091    @a14119.1094@d¥0.96
100    @a19960418d1963 em y0chiy0110 ea
101 1  @achi@ceng
102    @aCN@b310000
105    @af z 000yy
106    @ar
200 1  @a医用电子学入门@9Yi Yong Dian Zi Xue Ru Men @f(英)威特菲,I.C.著@g方达超,李少如译
210    @a上海@c上海科学技术出版社@d1963
215    @a258页@c图@d19cm
606 0  @a医用电子学
690    @aR319@v3
701  1 @a威特菲@9wei te fei@bI.C.@4著
701  1 @aWhitfield@bl.C.@4著
702  0 @a方达超@9fang da chao@4译
702  0 @a李少如@9li shao ru@4译
801  0 @aCN@b91MARC@c20130904
905    @aBZT@dR319@e13@f1@sR319/13
    
    医用电子学入门/(英)威特菲,I.C.著/方达超,李少如译.-上海:上海科学技术出版社,1963
    258页:图;19cm
    
    
    ISBN 14119.1094:CNY0.96
    
●
相关链接 在五车中查询图书 在当当中查询图书 在豆瓣中查询图书


正题名:医用电子学入门     索取号:R319/13         预约/预借

序号 登录号 条形码 馆藏地/架位号 状态 备注
1 2000036662   2000036662   旧书回溯/ [索取号:R319/13] 在馆    
山东省滨州职业学院图书馆 欢迎您!
大连网信软件有限公司© 版权所有